Essentials of pharmacuetical microbiology (Record no. 3913)

MARC details
000 -LEADER
fixed length control field 00423nam a22001577a 4500
008 - FIXED-LENGTH DATA ELEMENTS--GENERAL INFORMATION
fixed length control field 250620b |||||||| |||| 00| 0 eng d
020 ## - INTERNATIONAL STANDARD BOOK NUMBER
ISBN 9789388818605
100 ## - MAIN ENTRY--AUTHOR
Author Kar Ashutosh
245 ## - TITLE STATEMENT
Title Essentials of pharmacuetical microbiology
250 ## - EDITION STATEMENT
Edition statement 2nd
260 ## - PUBLICATION, DISTRIBUTION, ETC. (IMPRINT)
Place of publication New Deli
Name of publisher New age international (p) ltd.
Date of publication 2025
300 ## - COLLATION
Pagination xviii, 366p.
Other physical details ill
650 ## - TRACINGS
Main Subject Medical microbiology
942 ## - ADDED ENTRY ELEMENTS (KOHA)
Item type Books
050 ## - LIBRARY OF CONGRESS CALL NUMBER
Classification number QR46
Item number .K37
Holdings
Source of classification or shelving scheme Not for loan Permanent location Current location Date acquired Accession No. Full call number Barcode. Koha item type
Library of Congress Classification   Environmental Sciences Library Environmental Sciences Library 06/20/2025 2025/64990 QR46.K37 2025-2599 Books